000 00931nam a2200289 i 4500
001 54076
003 ES-MaACL
005 20230906162907.0
007 t|
008 031124s2001 mx ||||1| spa d
020 _a950-23-1181-7
080 _a321.01 Hobbes, Thomas
080 _a321.01 Spinoza, Benedictus de
100 1 _aMadanes, Leiser.
_9172006
245 1 3 _aEl árbitro arbitrario :
_bHobbes, Spinoza y la libertad de expresión /
_cLeiser Madanes.
250 _a1ª ed.
260 _aBuenos Aires :
_bEudeba,
_c2001.
300 _a326 p. ;
_c23 cm.
490 1 _aFilosofía política
504 _aBibliografía:p. 317-326.
600 1 4 _aHobbes, Thomas-
_xPensamiento político.
_963855
600 1 4 _aSpinoza, Benedictus de-
_xPensamiento político.
_9172007
650 1 4 _aLibertad de expresión.
_914405
830 1 _aFilosofía política
_9230290
852 _aES-MaACL
_jL-26713
999 _c54076
_d54076